00499nam a2200157Ia 4500008004100000020001800041082001600059100002800075245004200103260002300145300001000168500001300178650002800191952010500219999001700324120629s9999 xx 000 0 und d a968-5146-35-7 a861.62 J61p aJiménez, Juan Ramón aPlatero y yo / Juan Ramón Jiménez aMéxico : Leyenda a122 p aÍndice a1. POESIA ESPAÑOLAÌ 00104070a15b15d2009-04-28l2o861.62 J61Pp15 003173r2024-03-23s2024-03-16t1w2012-06-28yLB c76548d76548